Plane and spherical trigonometry with applications / (Record no. 1360)
[ view plain ]
| 000 -LEADER | |
|---|---|
| fixed length control field | 00503nam a22001697a 4500 |
| 005 - DATE AND TIME OF LATEST TRANSACTION | |
| control field | 20230222025008.0 |
| 008 - FIXED-LENGTH DATA ELEMENTS--GENERAL INFORMATION | |
| fixed length control field | 230222b |||||||| |||| 00| 0 eng d |
| 020 ## - INTERNATIONAL STANDARD BOOK NUMBER | |
| International Standard Book Number | 971-08-1916-x |
| 082 ## - DEWEY DECIMAL CLASSIFICATION NUMBER | |
| Classification number | 516.24 H326 1964 |
| 100 ## - MAIN ENTRY--PERSONAL NAME | |
| Personal name | Hart, William L. |
| Relator term | author |
| 245 ## - TITLE STATEMENT | |
| Title | Plane and spherical trigonometry with applications / |
| Statement of responsibility, etc. | William L. Hart |
| 260 ## - PUBLICATION, DISTRIBUTION, ETC. | |
| Place of publication, distribution, etc. | Boston: |
| Name of publisher, distributor, etc. | D.C. Health, |
| Date of publication, distribution, etc. | c1964 |
| 300 ## - PHYSICAL DESCRIPTION | |
| Extent | iv, [341]p. |
| 504 ## - BIBLIOGRAPHY, ETC. NOTE | |
| Bibliography, etc. note | Includes index |
| 541 ## - IMMEDIATE SOURCE OF ACQUISITION NOTE | |
| Accession number | 4900 c.1, 4901 c.2, 4902 c.3 |
| 650 ## - SUBJECT ADDED ENTRY--TOPICAL TERM | |
| Topical term or geographic name entry element | Trigonometry |
| Withdrawn status | Lost status | Source of classification or shelving scheme | Damaged status | Not for loan | Home library | Current library | Date acquired | Total Checkouts | Full call number | Barcode | Date last seen | Copy number | Price effective from | Koha item type |
|---|---|---|---|---|---|---|---|---|---|---|---|---|---|---|
| Dewey Decimal Classification | ctu-moalboal | ctu-moalboal | 08/09/2016 | 516.24 H326 1964 | 4900 | 02/22/2023 | 1 | 02/22/2023 | Books-Reference | |||||
| Dewey Decimal Classification | ctu-moalboal | ctu-moalboal | 08/09/2016 | 516.24 H326 1964 | 4901 | 02/22/2023 | 2 | 02/22/2023 | Books-Reference | |||||
| Dewey Decimal Classification | ctu-moalboal | ctu-moalboal | 08/09/2016 | 516.24 H326 1964 | 4902 | 02/22/2023 | 3 | 02/22/2023 | Books-Reference |